LEADER 01612nam 2200433Ia 450 001 996384751103316 005 20200824132157.0 035 $a(CKB)4940000000075917 035 $a(EEBO)2240948213 035 $a(OCoLC)ocm12255738e 035 $a(OCoLC)12255738 035 $a(EXLCZ)994940000000075917 100 $a19850711d1680 uy | 101 0 $aeng 135 $aurbn||||a|bb| 200 14$aThe very beggars petition against popery$b[electronic resource] $ewherein they lamentably complain to King Henry the VIII of the clergy ... : presented to King Henry the VIII in the 29 year of his reign, An. Dom. 1538, 8 years before his death, and now printed verbatim from a very old copy, only mending the authograp[h]y for the ease of the reader .. 210 $a[London $cs.n.]$d1680 215 $a[2], 6 p 300 $aIllustrated t.p. 300 $aAttributed to Fish. Cf. Wing. 300 $aPlace of publication from Wing. 300 $aReprint of: A supplicacyon for the beggars, 1529. Cf. Folger. Printed books. 300 $aReproduction of original in Huntington Library. 330 $aeebo-0113 606 $aMonasticism and religious orders$zEngland 606 $aFriars$vControversial literature 606 $aClergy$zEngland 615 0$aMonasticism and religious orders 615 0$aFriars 615 0$aClergy 700 $aFish$b Simon$fd. 1531.$0196743 801 0$bEAA 801 1$bEAA 801 2$bm/c 801 2$bWaOLN 906 $aBOOK 912 $a996384751103316 996 $aThe very beggars petition against popery$92409181 997 $aUNISA LEADER 02663nam 22005775 450 001 996309141803316 005 20231110225717.0 010 $a3-11-134249-2 024 7 $a10.1515/9783111342498 035 $a(CKB)4100000008166115 035 $a(DE-B1597)89773 035 $a(OCoLC)1100453193 035 $a(DE-B1597)9783111342498 035 $aEBL7014930 035 $a(AU-PeEL)EBL7014930 035 $a(oapen)https://directory.doabooks.org/handle/20.500.12854/46428 035 $a(MiAaPQ)EBC7014930 035 $a(EXLCZ)994100000008166115 100 $a20191022d2019 fg 101 0 $aeng 135 $aur||||||||||| 181 $ctxt$2rdacontent 182 $cc$2rdamedia 183 $acr$2rdacarrier 200 10$aEnglish formal satire $eElizabethan to Augustan /$fDoris C. Powers 205 $aReprint 2019 210 $cDe Gruyter$d1971 210 1$aBerlin ;$aBoston : $cDe Gruyter Mouton, $d[2019] 210 4$d©1971 215 $a1 online resource (214 p.) 225 0 $aDe Proprietatibus Litterarum. Series Practica ;$v19 300 $aDescription based upon print version of record. 311 $a3-11-099119-5 327 $tFrontmatter -- $tPREFACE -- $tCONTENTS -- $tPART ONE -- $tI. Introduction -- $tPART TWO -- $tII. Verisimilitude as Evidence: Elizabethan and Jacobean -- $tIII. The Satirist as Authenticating Device: Elizabethan and Jacobean -- $tIV. Verisimilitude as Evidence: Caroline and Restoration -- $tPART THREE -- $tVI. Some Typical English Formal Satires -- $tBIBLIOGRAPHY -- $tINDEX -- $tBackmatter 330 $aTo celebrate the 270th anniversary of the De Gruyter publishing house, the company is providing permanent open access to 270 selected treasures from the De Gruyter Book Archive. Titles will be made available to anyone, anywhere at any time that might be interested. The DGBA project seeks to digitize the entire backlist of titles published since 1749 to ensure that future generations have digital access to the high-quality primary sources that De Gruyter has published over the centuries. 410 3$aDe Proprietatibus Litterarum. Series Practica 606 $aEnglisch 606 $aGeschichte 1590-1700 606 $aSatire 606 $aLANGUAGE ARTS & DISCIPLINES / Linguistics / General$2bisacsh 615 4$aEnglisch. 615 4$aGeschichte 1590-1700. 615 4$aSatire. 615 7$aLANGUAGE ARTS & DISCIPLINES / Linguistics / General. 700 $aPowers$b Doris C., $0974804 801 0$bDE-B1597 801 1$bDE-B1597 906 $aBOOK 912 $a996309141803316 996 $aEnglish formal satire$92219692 997 $aUNISA